[Event "Aarhus Festuge-A"]
[Site "Aarhus"]
[Date "2020.09.11"]
[Round "1"]
[White "Hansen, Morten Lyck"]
[Black "Matthiesen, Martin"]
[Result "0-1"]
[WhiteElo "1944"]
[BlackElo "2304"]
[PlyCount "82"]
[EventDate "2020.09.11"]
[EventType "swiss"]
[EventRounds "5"]
[EventCountry "DEN"]
[SourceTitle "EXT 2022"]
[Source "ChessBase"]
[SourceDate "2021.10.06"]
[SourceVersion "1"]
[SourceVersionDate "2021.10.06"]
[SourceQuality "1"]

1. e4 c5 2. Nf3 d6 3. d4 cxd4 4. Nxd4 Nf6 5. Nc3 a6 6. Be2 e5 7. Nb3 Be7 8. a4 0-0 9. 0-0 Be6 10. f4 Qc7 11. f5 Bc4 12. Be3 Nbd7 13. a5 b5 14. axb6 Nxb6 15. Nd2 Bxe2 16. Qxe2 d5 17. exd5 Nbxd5 18. Nde4 Nxc3 19. Nxc3 Bb4 20. Rxa6 Rxa6 21. Qxa6 Bxc3 22. bxc3 Qxc3 23. Qd3 Rc8 24. Rd1 h6 25. Rc1 Nd5 26. Qxc3 Nxc3 27. Re1 f6 28. Bd2 Na2 29. c3 Nxc3 30. Kf1 Nd5 31. Rc1 Rd8 32. Ke2 h5 33. g3 Ne7 34. Rf1 Rb8 35. h3 Rb3 36. Be1 h4 37. gxh4 Rxh3 38. Kd2 Kf7 39. Ke2 Nd5 40. Rf3 Nf4+ 41. Kf2 Nd3+ 0-1

[Event "Aarhus Chess House Summer op"]
[Site "Aarhus"]
[Date "2017.06.28"]
[Round "4"]
[White "Taylor, Christopher"]
[Black "Hansen, Morten Lyck"]
[Result "1/2-1/2"]
[WhiteElo "1859"]
[BlackElo "1935"]
[PlyCount "39"]
[EventDate "2017.06.25"]
[EventType "swiss"]
[EventRounds "7"]
[EventCountry "DEN"]
[SourceTitle "EXT 2018"]
[Source "ChessBase"]
[SourceDate "2017.10.13"]
[SourceVersion "1"]
[SourceVersionDate "2017.10.13"]
[SourceQuality "1"]

1. Nf3 d5 2. g3 Nf6 3. Bg2 c6 4. 0-0 Bf5 5. c4 Nbd7 6. cxd5 cxd5 7. Nc3 e6 8. d3 h6 9. Nh4 Bh7 10. Re1 Be7 11. e4 dxe4 12. dxe4 e5 13. Nf5 0-0 14. Nxe7+ Qxe7 15. Be3 Rfd8 16. Qe2 Nc5 17. Nd5 Nxd5 18. Bxc5 Qxc5 19. exd5 e4 20. Bxe4 1/2-1/2

[Event "Politiken Cup 28th"]
[Site "Copenhagen"]
[Date "2006.07.30"]
[Round "9"]
[White "Hansen, Morten Lyck"]
[Black "Dalberg, Preben"]
[Result "1/2-1/2"]
[WhiteElo "2009"]
[BlackElo "2190"]
[PlyCount "60"]
[EventDate "2006.07.22"]
[EventType "swiss"]
[EventRounds "9"]
[EventCountry "DEN"]
[SourceTitle "CBM 113 Extra"]
[Source "ChessBase"]
[SourceDate "2006.09.14"]
[SourceVersion "1"]
[SourceVersionDate "2006.09.14"]
[SourceQuality "1"]

1. e4 e6 2. d4 d5 3. exd5 exd5 4. Bd3 Bd6 5. Ne2 Nc6 6. c3 Nge7 7. 0-0 Bf5 8. Bxf5 Nxf5 9. Bf4 Qd7 10. Bxd6 Nxd6 11. Re1 0-0 12. Nf4 Ne7 13. Nd2 Rfe8 14. Nf3 Qf5 15. Nd3 Ng6 16. Nfe5 Nxe5 17. Rxe5 Rxe5 18. Nxe5 f6 19. Nd3 Re8 20. Qd2 Nc4 21. Qd1 Qe4 22. b3 Nd6 23. Qd2 Kf7 24. Rd1 Qf5 25. f3 g5 26. Re1 Rxe1+ 27. Nxe1 h5 28. Nd3 h4 29. h3 Qe6 30. Nf2 Nf5 1/2-1/2

[Event "Politiken Cup 28th"]
[Site "Copenhagen"]
[Date "2006.07.28"]
[Round "7"]
[White "Hansen, Morten Lyck"]
[Black "Jensen, Mads"]
[Result "1-0"]
[WhiteElo "2009"]
[BlackElo "1852"]
[PlyCount "137"]
[EventDate "2006.07.22"]
[EventType "swiss"]
[EventRounds "9"]
[EventCountry "DEN"]
[SourceTitle "CBM 113 Extra"]
[Source "ChessBase"]
[SourceDate "2006.09.14"]
[SourceVersion "1"]
[SourceVersionDate "2006.09.14"]
[SourceQuality "1"]

1. e4 e6 2. d4 d5 3. Nd2 c5 4. exd5 exd5 5. Ngf3 Nc6 6. dxc5 Bxc5 7. Nb3 Bb6 8. Bd3 Nge7 9. 0-0 Bg4 10. Re1 Qd6 11. Bg5 f6 12. Bh4 0-0-0 13. a4 a6 14. a5 Ba7 15. Bg3 Ne5 16. Be2 Bxf3 17. Bxf3 Nxf3+ 18. Qxf3 Qd7 19. Rad1 Nc6 20. Rd2 Rhe8 21. Red1 Ne5 22. Qc3+ Qc6 23. Rxd5 Rxd5 24. Rxd5 Qxc3 25. bxc3 Ng4 26. Kf1 Bb8 27. Rc5+ Kd7 28. Bxb8 Rxb8 29. h3 Ne5 30. Rd5+ Ke6 31. Rc5 Kd7 32. f4 Nf7 33. Rh5 h6 34. Rd5+ Ke7 35. c4 Rc8 36. c5 Nd8 37. c4 Ne6 38. g3 Rd8 39. Ke2 Nc7 40. Rxd8 Kxd8 41. f5 Ke7 42. Ke3 Kf7 43. Ke4 g6 44. g4 gxf5+ 45. gxf5 Ke7 46. Nd4 Kd7 47. Kf4 Ne8 48. Ne6 Nc7 49. Nxc7 Kxc7 50. Kg4 Kc6 51. Kh5 Kxc5 52. Kxh6 b6 53. axb6 Kxb6 54. Kg7 a5 55. h4 a4 56. h5 a3 57. h6 a2 58. h7 a1Q 59. h8Q Kc7 60. Qh2+ Kc6 61. Qg2+ Kc7 62. Qd5 Qc3 63. c5 Qg3+ 64. Kf7 Qh4 65. Qd6+ Kb7 66. c6+ Ka7 67. Qxf6 Qh7+ 68. Ke6 Qc7 69. Qe7 1-0

[Event "Politiken Cup 28th"]
[Site "Copenhagen"]
[Date "2006.07.27"]
[Round "6"]
[White "Sande, Oystein"]
[Black "Hansen, Morten Lyck"]
[Result "1-0"]
[WhiteElo "2300"]
[BlackElo "2009"]
[PlyCount "75"]
[EventDate "2006.07.22"]
[EventType "swiss"]
[EventRounds "9"]
[EventCountry "DEN"]
[SourceTitle "CBM 113 Extra"]
[Source "ChessBase"]
[SourceDate "2006.09.14"]
[SourceVersion "1"]
[SourceVersionDate "2006.09.14"]
[SourceQuality "1"]

1. d4 Nf6 2. c4 g6 3. Nc3 d5 4. cxd5 Nxd5 5. e4 Nxc3 6. bxc3 Bg7 7. Bc4 0-0 8. Ne2 c5 9. 0-0 Nc6 10. Be3 cxd4 11. cxd4 Bg4 12. f3 Na5 13. Bxf7+ Rxf7 14. fxg4 Rxf1+ 15. Kxf1 Qd7 16. h3 Qe6 17. Qd3 Rc8 18. Kg1 Nc4 19. Rc1 b5 20. d5 Qa6 21. Bd4 Bh6 22. Rc2 Rd8 23. Qg3 Rf8 24. g5 e5 25. Bc5 Rc8 26. gxh6 Rxc5 27. Rxc4 Rxc4 28. Qxe5 Qb6+ 29. Kh1 Kf8 30. Qh8+ Ke7 31. Qxh7+ Kd8 32. Qg8+ Kc7 33. h7 Qf2 34. Qg7+ Kb6 35. Qxg6+ Ka5 36. h8Q Qxe2 37. Qd8+ Kb4 38. Qdd6+ 1-0

[Event "Politiken Cup 27th"]
[Site "Copenhagen"]
[Date "2005.07.16"]
[Round "1"]
[White "Hector, Jonny"]
[Black "Hansen, Morten Lyck"]
[Result "1-0"]
[WhiteElo "2534"]
[BlackElo "2002"]
[PlyCount "51"]
[EventDate "2005.07.16"]
[EventType "swiss"]
[EventRounds "10"]
[EventCountry "DEN"]
[SourceTitle "CBM 107 Extra"]
[Source "ChessBase"]
[SourceDate "2005.09.01"]
[SourceVersion "1"]
[SourceVersionDate "2005.09.01"]
[SourceQuality "1"]

1. e4 e5 2. d4 exd4 3. Nf3 Nc6 4. Nxd4 Nf6 5. Nxc6 bxc6 6. e5 Nd5 7. Be2 Bc5 8. 0-0 0-0 9. c4 Nb6 10. Nd2 Ba6 11. Qc2 Be7 12. Bd3 h6 13. Nf3 c5 14. Bf4 Bb7 15. Qe2 d6 16. Rad1 Nd7 17. Bc2 f5 18. exd6 cxd6 19. Bxd6 Bxd6 20. Rxd6 Qc7 21. Qe7 Rf7 22. Qxf7+ Kxf7 23. Rxd7+ Qxd7 24. Ne5+ Ke7 25. Nxd7 Kxd7 26. Bxf5+ 1-0

[Event "DEN-ch M5 Gr2 "]
[Site "Koge"]
[Date "2005.??.??"]
[Round "4"]
[White "Hansen, Morten Lyck"]
[Black "Jacobsen, Hans Endrup"]
[Result "1-0"]
[WhiteElo "1923"]
[BlackElo "1905"]
[PlyCount "115"]
[EventDate "2005.??.??"]
[EventType "swiss"]
[EventRounds "5"]
[EventCountry "DEN"]
[SourceTitle "EXT 2023"]
[Source "ChessBase"]
[SourceDate "2022.10.05"]
[SourceVersion "1"]
[SourceVersionDate "2022.10.05"]
[SourceQuality "1"]

1. e4 c5 2. Nf3 d6 3. c3 Nf6 4. h3 Nc6 5. Bd3 e5 6. 0-0 Be7 7. Bc2 0-0 8. d4 Qc7 9. d5 Nb8 10. Re1 b5 11. a4 bxa4 12. Nbd2 Nfd7 13. Rxa4 Nb6 14. Ra1 f5 15. exf5 Bxf5 16. Bxf5 Rxf5 17. c4 N8d7 18. Qc2 Raf8 19. Ne4 h6 20. Ra3 R5f7 21. Bd2 Nf6 22. Rea1 Ra8 23. b3 Nxe4 24. Qxe4 Nd7 25. Qe2 Bf6 26. R1a2 Nf8 27. Ba5 Qb7 28. Qe4 g6 29. Bd2 Bg7 30. Qh4 Qe7 31. Qxe7 Rxe7 32. b4 e4 33. Ne1 Bd4 34. b5 Rb7 35. Nc2 Bg7 36. Ra6 Be5 37. b6 Nd7 38. Rxa7 Rab8 39. Rxb7 Rxb7 40. Ra8+ Rb8 41. Rxb8+ Nxb8 42. b7 Kf7 43. Ba5 Ke7 44. Bc7 Na6 45. b8Q Nxb8 46. Bxb8 Kd7 47. Na3 Kc8 48. Ba7 Kb7 49. Nb5 Bf4 50. Kf1 h5 51. g3 Be5 52. Ke2 h4 53. gxh4 Bf4 54. Bxc5 dxc5 55. Nc3 Be5 56. Nxe4 Bd4 57. Kf3 Kc7 58. Kg4 1-0

[Event "Lovfalds EMT 16th Master 3"]
[Site "Ringsted"]
[Date "2002.09.15"]
[Round "5"]
[White "Hansen, Morten Lyck"]
[Black "Simonsen, Per"]
[Result "0-1"]
[WhiteElo "1851"]
[BlackElo "1765"]
[PlyCount "84"]
[EventDate "2002.09.13"]
[EventType "tourn"]
[EventRounds "5"]
[EventCountry "DEN"]
[SourceTitle "EXT 2023"]
[Source "ChessBase"]
[SourceDate "2022.10.05"]
[SourceVersion "1"]
[SourceVersionDate "2022.10.05"]
[SourceQuality "1"]

1. e4 e5 2. Nf3 Nf6 3. Nxe5 d6 4. Nf3 Nxe4 5. d4 d5 6. Bd3 Be7 7. 0-0 0-0 8. c4 c6 9. Nc3 Nxc3 10. bxc3 dxc4 11. Bxc4 Qa5 12. Bb2 Bg4 13. Re1 Bf6 14. Qd3 Nd7 15. a4 Qh5 16. Re3 Nb6 17. Ne5 Bf5 18. Qf1 Nxc4 19. Qxc4 Bg5 20. Ree1 Bf4 21. g3 Bh6 22. Bc1 Be6 23. Qe2 Qh3 24. Bxh6 Qxh6 25. c4 Rfe8 26. Ng4 Qh3 27. Ne3 Rad8 28. Rad1 h5 29. Qf1 Qxf1+ 30. Kxf1 Bh3+ 31. Kg1 Re4 32. d5 cxd5 33. f3 Re6 34. cxd5 Ra6 35. Rd4 Bd7 36. Rb1 b6 37. Rbb4 Ra5 38. Rdc4 Kf8 39. Rh4 Rc8 40. Rhd4 Rc1+ 41. Kf2 b5 42. axb5 Ra2+ 0-1

[Event "Lovsprings op-B 13th"]
[Site "Ringsted"]
[Date "2002.03.08"]
[Round "1"]
[White "Hansen, Morten Lyck"]
[Black "Sorensen, Lindved"]
[Result "1-0"]
[WhiteElo "1829"]
[BlackElo "1624"]
[PlyCount "49"]
[EventDate "2002.03.08"]
[EventType "swiss"]
[EventRounds "7"]
[EventCountry "DEN"]
[SourceTitle "EXT 2023"]
[Source "ChessBase"]
[SourceDate "2022.10.05"]
[SourceVersion "1"]
[SourceVersionDate "2022.10.05"]
[SourceQuality "1"]

1. e4 d5 2. exd5 Nf6 3. d4 e6 4. Nf3 Nxd5 5. c4 Nf6 6. Bd3 Bb4+ 7. Bd2 Nc6 8. Bxb4 Nxb4 9. 0-0 0-0 10. Nc3 c5 11. Bb1 Qe7 12. a3 cxd4 13. Qxd4 Nc6 14. Qh4 Rd8 15. b4 Qd6 16. c5 Qb8 17. b5 Ne5 18. Bxh7+ Kf8 19. Bc2 Nxf3+ 20. gxf3 Qe5 21. Ne4 Bd7 22. Nxf6 gxf6 23. Qb4 Kg7 24. Kh1 Qh5 25. Rg1+ 1-0

[Event "Taastrup Aktiv-Alliancen B"]
[Site "Taastrup"]
[Date "2002.01.25"]
[Round "2"]
[White "Hansen, Morten Lyck"]
[Black "Olsen, Miriam F"]
[Result "1/2-1/2"]
[WhiteElo "1715"]
[BlackElo "1715"]
[PlyCount "47"]
[EventDate "2002.01.25"]
[EventType "tourn"]
[EventRounds "5"]
[EventCountry "DEN"]
[SourceTitle "EXT 2023"]
[Source "ChessBase"]
[SourceDate "2022.10.05"]
[SourceVersion "1"]
[SourceVersionDate "2022.10.05"]
[SourceQuality "1"]

1. e4 c5 2. Nf3 Nc6 3. d4 cxd4 4. Nxd4 e5 5. Nb5 d6 6. c4 Be7 7. N1c3 a6 8. Na3 f5 9. exf5 Bxf5 10. Bd3 Bxd3 11. Qxd3 Nf6 12. 0-0 0-0 13. Nc2 Nh5 14. Nd5 Bg5 15. Qh3 Nf4 16. Bxf4 Bxf4 17. Rad1 Qc8 18. Qxc8 Raxc8 19. Nxf4 Rxf4 20. b3 Rd8 21. Rd2 Kf7 22. Re1 Ke7 23. Ne3 Ke6 24. Nd5 1/2-1/2

[Event "Lovsprings op 12th B"]
[Site "Ringsted"]
[Date "2001.03.23"]
[Round "4"]
[White "Holst, John"]
[Black "Hansen, Morten Lyck"]
[Result "1-0"]
[WhiteElo "1711"]
[BlackElo "1748"]
[PlyCount "85"]
[EventDate "2001.03.02"]
[EventType "swiss"]
[EventRounds "7"]
[EventCountry "DEN"]
[SourceTitle "EXT 2023"]
[Source "ChessBase"]
[SourceDate "2022.10.05"]
[SourceVersion "1"]
[SourceVersionDate "2022.10.05"]
[SourceQuality "1"]

1. e3 e5 2. b3 Nc6 3. c4 Bc5 4. Bb2 Nf6 5. Nc3 0-0 6. Rc1 d6 7. Bd3 Bg4 8. Nge2 Re8 9. Bb1 e4 10. h3 Bh5 11. g4 Bg6 12. Nf4 Ne5 13. Nxg6 Nf3+ 14. Ke2 fxg6 15. Nxe4 Nxe4 16. Kxf3 Ng5+ 17. Ke2 Qd7 18. d4 Bb6 19. c5 Ba5 20. Bc3 Bxc3 21. Rxc3 Rf8 22. f4 Ne6 23. cxd6 Qxd6 24. f5 gxf5 25. gxf5 Ng5 26. h4 Nf7 27. Qc2 Qg3 28. Qe4 Rae8 29. Qf3 Qd6 30. Rg1 Qxd4 31. Rc4 Qf6 32. Rxc7 Nd6 33. Rgxg7+ Qxg7 34. Rxg7+ Kxg7 35. Qg3+ Kh8 36. Qxd6 Rd8 37. Qe5+ Kg8 38. f6 Rf7 39. Bd3 Rfd7 40. Bc4+ Kf8 41. Qc5+ Rd6 42. e4 b6 43. Qa3 1-0